000 00413nam a2200145Ia 4500
008 210210b1972 xxu||||| |||| 00| 0 eng d
020 _a0 912776 35 8
082 _aS891.6 BHAB
100 _aBHAKTIVEDANTA (A C).
245 _aBhagavatam. Second canto: The Cosmic manifestation.Part 1
260 _aBombay
_bBhaktivedanta book trust.
_c1972
300 _a355
690 _aSanskrit Prakirana
906 _aSG00789
999 _c112130
_d112130